American Continents Capital Anagram to Country - Statistics

General Stats
  • This quiz has been taken 17 times
  • The average score is 9 of 10
Answer Stats
Hint Answer % Correct
nvahaa Cuba
100%
watota Canada
94%
agtyauatcelmi Guatemala
94%
lraaiisb Brazil
88%
inasoatg Chile
88%
iqout Ecuador
88%
abeeinorssu Argentina
81%
ctmxeiyoci Mexico
81%
aaadlnorssv El Salvador
75%
naactmpyi Panama
75%
No matching quizzes found
Score Distribution
Percent of People with Each Score
Percentile by Number Answered
Your Score History
You have not taken this quiz